Năng lượng mặt trời phục vụ con người

Kaydedildi:
Detaylı Bibliyografya
Yazar: Brinkworth, B.J
Diğer Yazarlar: Phan Đức Chinh (người dịch)
Materyal Türü: Kitap
Baskı/Yayın Bilgisi: H. Khoa học và kỹ thuật 1981
Konular:
Etiketler: Etiketle
Etiket eklenmemiş, İlk siz ekleyin!
Thư viện lưu trữ: Trung tâm Học liệu Lê Vũ Hùng, Trường Đại học Đồng Tháp
LEADER 00897pam a22002418a 4500
001 00015882
005 20171026081022.0
008 110331s1981 ||||||Viesd
041 0 # |a Vie 
082 1 4 |a 621.97  |b N116L 
100 0 # |a Brinkworth, B.J 
245 0 0 |a Năng lượng mặt trời phục vụ con người  |c B.J.Brinkworth; người dịch Phan Đức Chinh 
246 0 1 |a Solar eneoy Ponman 
260 # # |a H.  |b Khoa học và kỹ thuật  |c 1981 
300 # # |a 241 tr.  |b hình vẽ  |c 21 cm. 
500 # # |a Dịch từ bản tiếng Nga 
650 # 4 |a Năng lượng mặt trời 
653 # # |a Năng lượng và đời sống 
700 0 # |a Phan Đức Chinh  |e người dịch 
852 # # |b Kho đọc  |j KD.0001283 
852 # # |j KD.0001283 
910 |d 31/03/2011 
980 # # |a Trung tâm Học liệu Lê Vũ Hùng, Trường Đại học Đồng Tháp